[Event "German Cup 2019"]
[Site "Magdeburg"]
[Date "2019.05.31"]
[Round "3.1"]
[White "Kuberczyk, Christoph"]
[Black "Nguyen, Alex Dac-Vuong"]
[Result "1-0"]
[WhiteElo "2271"]
[BlackElo "2287"]
[Annotator "TA"]
[PlyCount "89"]
[EventDate "2019.05.30"]
[EventType "k.o."]
[EventCountry "GER"]
[SourceTitle "playchess.com"]
[Source "ChessBase"]
[SourceQuality "1"]

{[%evp 17,89,36,37,0,12,-37,-22,-34,38,29,39,41,54,-36,21,-19,0,-50,-40,-62,-67,-72,-70,-61,0,-75,0,0,0,0,0,0,20,27,40,-85,-31,-148,-160,-214,-231,-214,-222,-460,-443,-462,-454,-462,-422,-689,-687,-671,-437,-458,-433,-568,-533,-608,-489,-622,-570,-567,-567,-687,-660,-653,-645,-686,-624,-686,-522,-686,29998,29999]} 1. d4 Nf6 2. c4 g6 3. Nc3 Bg7 4. e4 d6 5. Be2 O-O 6. Bg5 Nbd7 7. Qd2 c5 8. d5 a6 9. a4 Qa5 10. Ra3 {E74: King's Indian: Averbakh Variation: 6...c5} Qb4 11. a5 {[#]} (11. f3 Ne5 12. Qc2 Bd7 13. Bd2 Nxc4 14. Rb3 Nxd2 15. Rxb4 cxb4 16. Nd1 Bh6 17. b3 Rfc8 {0-1 (39) Nesterov,A (2350)-Vakhidov,J (2498) St Petersburg 2017}) 11... b5 $1 {[%mdl 512]} 12. Nf3 {The position is equal.} (12. cxb5 Nxe4) 12... bxc4 (12... h6 $1 $15 13. Bxf6 Nxf6) 13. O-O $14 Rb8 $146 ({Predecessor:} 13... Re8 14. Qc2 Ng4 15. Bd2 Rb8 16. Nd1 c3 17. Rxc3 Bxc3 18. Bxc3 {1-0 (32) Riedener,T (1989)-Dror,L (1677) London 2017}) 14. Rb1 Re8 15. Qc1 (15. h3 $14) 15... Ng4 (15... Nxe4 $1 $15 16. Nxe4 Bxb2 17. Rxb2 Qxb2 18. Qxb2 Rxb2 19. Bxc4 Rb4) 16. Ra4 Qb7 17. Bxc4 (17. Nd2 $5 {[%cal Re2g4]} Nge5 18. Nxc4 $15) 17... Nde5 {Threatens to win with ...Bd7.} 18. Nxe5 Nxe5 19. Be2 Bd7 20. Ra3 Qb4 (20... f5 $15) 21. Bh6 (21. Bxa6 $11 Ra8 22. Be2) 21... Bh8 (21... Bxh6 $17 22. Qxh6 Nc4) 22. Bxa6 $11 Ra8 23. Qf1 Reb8 24. h3 f6 {Hoping for ...g5.} 25. Be3 f5 $1 26. exf5 (26. f3 $14 {keeps the upper hand.}) 26... Bxf5 $17 27. Rba1 (27. Ra4 $15 Qb3 28. Ra3) 27... c4 28. Ra4 (28. f4 $17) 28... Qxb2 $19 29. Nd1 {[#]} Qc2 $1 30. R1a2 $2 (30. Bxc4 {is the only way for White.} Nxc4 31. Rxc4) 30... Qd3 31. Qxd3 Bxd3 32. f4 Rb1 33. Rd2 (33. Bb7 $142 Rxb7 34. fxe5 Bxe5 35. Bb6) 33... Rxa6 34. fxe5 Bxe5 35. Kf2 Rb5 36. Bg5 Raxa5 37. Rda2 Bd4+ 38. Be3 Rxa4 39. Rxa4 Bf6 40. Ba7 Rb1 41. Ne3 c3 42. Ng4 c2 43. Be3 {Intending Ra8+ and mate.} c1=Q 44. Ra8+ Kf7 $4 {[%mdl 8192]} (44... Kg7 $19 45. Bxc1 Rxc1 46. Nxf6 Kxf6) 45. Nh6+ {Accuracy: White = 32%, Black = 61%.} 1-0

[Event "German Cup 2019"]
[Site "Magdeburg"]
[Date "2019.05.31"]
[Round "3.1"]
[White "Cofmann, Veaceslav"]
[Black "Poetsch, Hagen"]
[Result "0-1"]
[WhiteElo "2250"]
[BlackElo "2515"]
[Annotator "TA"]
[PlyCount "82"]
[EventDate "2019.05.30"]
[EventType "k.o."]
[EventCountry "GER"]
[SourceTitle "playchess.com"]
[Source "ChessBase"]
[SourceQuality "1"]

{[%evp 9,82,-14,-5,-25,-22,-28,-22,-22,-20,-72,-72,-73,-73,-69,-68,-61,-21,-65,-64,-79,-55,-77,-78,-65,-74,-75,-61,-70,-77,-120,-73,-79,-75,-75,-83,-111,-102,-127,-115,-119,-117,-154,-141,-165,-169,-179,-177,-191,-183,-259,-210,-354,-297,-475,-425,-472,-425,-425,-418,-810,-554,-499,-285,-529,-523,-529,-517,-525,-515,-515,-509,-606,-546,-747,-606]} 1. d4 Nf6 2. Nc3 d5 3. Bg5 Nbd7 4. Nf3 h6 5. Bf4 a6 6. h3 {D01: Veresov Opening} (6. e3 e6 7. Bd3 c5 8. O-O Be7 9. Ne5 Nxe5 10. Bxe5 c4 11. Be2 b5 12. Nb1 Bb7 13. Nd2 O-O {½-½ (61) Hasangatin,R (2491)-Kelires,A (2531) Kavala 2018}) 6... e6 7. a3 c5 8. e3 {The position is equal.} b5 9. dxc5 $146 (9. Be2 $11 {remains equal.}) ({Predecessor:} 9. Be2 Bb7 10. O-O Be7 11. Ne5 O-O 12. Bf3 Rc8 13. Ne2 Nxe5 14. Bxe5 {0-1 (43) Palider,P (2086)-Zvarik,M (2243) Slovakia 2015}) 9... Bxc5 $17 10. Be2 Bb7 11. Ne5 O-O 12. O-O Nb6 13. Bf3 Qe7 14. Ne2 Nc4 (14... Rac8 {seems wilder.} 15. c3 Rfd8 16. Nd4 Nc4 17. Qc2 Bd6) 15. b4 Bb6 16. Nxc4 bxc4 17. Be5 Nd7 18. Bg3 Rfd8 19. c3 Qf6 20. Qc2 Ne5 21. Bxe5 Qxe5 22. Rfd1 h5 23. Ng3 h4 24. Nf1 f5 25. Re1 Qf6 26. Nd2 {With the idea Nxc4!} Rac8 27. Bd1 e5 28. Ra2 e4 29. Nb1 (29. a4 {is a better defense.}) 29... Qe5 30. Qe2 (30. Nd2 $142) 30... Bc7 {[#] ( -> ...Qh2+)} 31. Qh5 (31. f4 {was the only defense.} exf3 32. gxf3) 31... Qh2+ $19 32. Kf1 Qh1+ 33. Ke2 Qxg2 34. Qxh4 (34. Ba4 $142) 34... Kf7 {[#] Threatens to win with ...Rh8.} 35. Qh5+ Kf6 (35... g6 $142 36. Qh7+ Kf6 37. Qh4+ Ke6) 36. Kd2 $2 (36. h4) 36... Qxf2+ {Black is clearly winning.} 37. Qe2 Qxe2+ 38. Bxe2 Rh8 39. Bf1 g5 40. Ke2 f4 41. Nd2 Bb6 {Accuracy: White = 26%, Black = 74%.} 0-1

[Event "German Cup 2019"]
[Site "Magdeburg"]
[Date "2019.05.31"]
[Round "3.1"]
[White "Steffens, Olaf"]
[Black "Uphoff, Lennart"]
[Result "1-0"]
[WhiteElo "2201"]
[BlackElo "2145"]
[Annotator "TA"]
[PlyCount "55"]
[EventDate "2019.05.30"]
[EventType "k.o."]
[EventCountry "GER"]
[SourceTitle "playchess.com"]
[Source "ChessBase"]
[SourceQuality "1"]

{[%evp 9,54,-10,-8,-7,-1,-3,-2,-10,-7,-35,-31,-42,-58,-52,-53,-85,-50,-56,-65,-59,-34,-33,-32,-124,-101,-93,83,83,128,0,42,42,42,48,47,44,49,48,518,46,29993,29994,29994,951,29998,29999,29999]} 1. b4 e5 2. a3 d5 3. Bb2 Bd6 4. c4 (4. Nf3 Qe7 5. e3 Nf6 6. d4 e4 7. Nfd2 c6 8. c4 O-O 9. Nc3 a6 10. Be2 b5 11. cxd5 cxd5 12. g4 Be6 {0-1 (64) Sevian,S (2578)-Grandelius,N (2635) Stockholm 2016}) 4... dxc4 5. e3 Be6 6. Qc2 {A00: Irregular Openings} Nd7 7. Bxc4 Bxc4 8. Qxc4 {The position is equal.} Qg5 9. Ne2 Qxg2 $146 ({Predecessor:} 9... Ngf6 10. Nbc3 O-O 11. Ng3 Nb6 {0-1 (43) Steffens,O (2285)-Schoenberger,P (2097) Germany 1999}) 10. Rg1 Qxh2 11. Nbc3 O-O-O 12. O-O-O Ngf6 13. Rxg7 Qxf2 14. Ng3 Qf3 15. Rf1 Qc6 $1 {[%cal Rc6c4]} 16. Qxf7 ({White should play} 16. Qxc6 $15 bxc6 17. Rxf7) 16... h5 $17 17. b5 ({Wrong is} 17. Rxf6 $2 Rhf8 $19) 17... Qb6 $2 (17... Qg2 $17 {keeps the pressure on.} 18. Rd1 (18. Rxf6 Rhf8 $17) 18... Rdf8) 18. Rxf6 $16 Rhf8 19. Qb3 ({White must play} 19. Qc4 $1 $16 Rxf6 20. Na4) 19... Nc5 ({Much worse is} 19... Rxf6 $6 20. Nd5 $16) (19... Nxf6 $5 20. Na4 $8 Qa5 $11) 20. Qc4 Rxf6 21. Nd5 $36 {[%mdl 2112] Double Attack. White has some pressure.} Qa5 22. Nxf6 {Hoping for Nge4.} Bf8 23. Rg8 {Nge4 is the strong threat.} Nd3+ $4 {[%mdl 8192]} (23... Qxd2+ $14 24. Kb1 Nd3) 24. Kb1 $2 (24. Kc2 $18 Nc5 25. Nge4 Qa4+ 26. Qxa4 Nxa4 27. Bxe5) 24... Nxb2 $2 {[%mdl 8192]} (24... Qxd2 $14 25. Qc2 Qxe3) 25. Qe6+ {[%mdl 64] Double Attack} Kb8 {[#]} 26. Qd7 (26. Nd7+ $142 $1 {[%mdl 512]} Ka8 {[#]} 27. Qf6 $1 {[%mdl 576] Double Attack} c5 28. Rxf8 a6 29. Rxd8+ Ka7 30. b6+ Qxb6 31. Qxb6#) 26... Rc8 {[#]} 27. Qxc8+ $1 {[%mdl 576] Remove Defender, Back Rank} Kxc8 28. Rxf8# {Accuracy: White = 52%, Black = 37%.} 1-0

[Event "German Cup 2019"]
[Site "Magdeburg"]
[Date "2019.05.31"]
[Round "3.1"]
[White "Jandke, Manfred"]
[Black "Colpe, Malte"]
[Result "0-1"]
[WhiteElo "2072"]
[BlackElo "2381"]
[Annotator "TA"]
[PlyCount "60"]
[EventDate "2019.05.30"]
[EventType "k.o."]
[EventCountry "GER"]
[SourceTitle "playchess.com"]
[Source "ChessBase"]
[SourceQuality "1"]

{[%evp 9,78,-58,-70,-60,-59,-58,-59,-64,-57,-62,-52,-64,-62,-129,-58,-67,-45,-48,-25,-32,-37,-36,-41,-43,-45,-49,-54,-43,-24,-37,-36,-39,-40,-49,-34,-41,-33,-57,-52,-51,-40,-40,-40,-41,-44,-44,-52,-52,-60,-62,-61,-95,-65,-77,-69,-131,-109,-139,-141,-302,-291,-493,-462,-475,-461,-497,-489,-483,-452,-447,-418]} 1. c4 e6 2. g3 d5 3. Bg2 Nf6 4. Nf3 d4 5. b4 Bxb4 6. Qa4+ {A13: English Opening: 1...e6} Nc6 7. Ne5 Rb8 8. Nxc6 {Black is slightly better.} bxc6 9. Bxc6+ (9. Qxa7 Rb6 10. Qa4 O-O 11. O-O e5 12. d3 Bg4 13. Qc2 {½-½ (32) Karjakin,S (2771)-Anand,V (2785) Dubai 2014}) 9... Bd7 10. O-O O-O 11. Na3 $146 {[#]} (11. a3 $15 Bxc6 12. Qxc6) ({Predecessor:} 11. d3 Bxc6 12. Qxc6 Rb6 13. Qa4 {0-1 (35) Bilobrk,F (2354)-Zelcic,R (2496) Zadar 2016}) 11... e5 (11... d3 $1 $17 {[%cal Rd3e2][%mdl 512]} 12. e3 (12. exd3 Bxc6) 12... Bxc6 13. Qxc6 Rb6) 12. Nc2 $15 Be7 13. d3 Rb6 14. Bxd7 Qxd7 15. Qxd7 Nxd7 16. f4 c5 17. fxe5 Nxe5 18. Ba3 Bd6 19. Rab1 Rfb8 20. Rxb6 Rxb6 21. Kg2 f6 22. h3 Kf7 23. Rd1 Nc6 24. g4 Ke6 25. Kf2 Kd7 26. Kf3 Ne5+ 27. Kf2 Kc6 28. Rf1 Rb8 29. Bc1 Ng6 30. Ke1 Bg3+ {Played: Rb8-b1} 0-1

[Event "German Cup 2019"]
[Site "Magdeburg"]
[Date "2019.05.31"]
[Round "3.1"]
[White "Falk, Kristoffer"]
[Black "Kopylov, Michael"]
[Result "0-1"]
[WhiteElo "2019"]
[BlackElo "2413"]
[Annotator "TA"]
[PlyCount "70"]
[EventDate "2019.05.30"]
[EventType "k.o."]
[EventCountry "GER"]
[SourceTitle "playchess.com"]
[Source "ChessBase"]
[SourceQuality "1"]

{[%evp 14,69,55,49,85,86,105,-16,0,-52,-48,-67,0,-43,0,0,58,-39,-47,-58,-56,-101,-105,-108,-107,-97,-102,-95,-10,-28,0,-12,-7,-19,-11,-25,-19,-39,-42,-37,-35,-193,-178,-748,-748,-1156,-1132,-1054,-1037,-4910,-720,-4906,-2238,-1352,-1212,-29998,-29999,-29999]} 1. d4 Nf6 2. Nf3 c5 3. c4 cxd4 4. Nxd4 e5 5. Nb5 d5 6. cxd5 Bc5 7. g3 O-O 8. N5c3 $1 Qe7 {A31: Symmetrical English: 2 Nf3 Nf6 3 d4} (8... Ng4 9. e3 f5 10. Be2 Nh6 11. Nd2 Nd7 12. Nb3 Bd6 13. e4 f4 14. f3 a6 15. Qd3 Nf6 16. g4 Nf7 17. Bd2 Bd7 18. O-O-O b5 19. a3 Qb6 20. Na2 a5 {0-1 (20) Abel,D (2465)-Ponomariov,R (2663) Germany 2019}) 9. Bg2 e4 10. e3 (10. Na3 $16) 10... Rd8 {The position is equal.} 11. Qc2 (11. O-O $11) 11... Bf5 $15 {[%mdl 1024] Black has compensation.} 12. a3 $146 ({Predecessor:} 12. O-O Na6 13. a3 Rac8 14. b4 Bd6 15. Qb3 Be5 16. Bb2 {0-1 (24) Molnar,J (1934)-Kovacs,L (2067) Hungary 2014}) 12... Nbd7 (12... Na6 $15) 13. O-O Ne5 14. Nd2 {[%cal Rd2e4]} Nd3 {[#]} (14... Nxd5 $11 15. Bxe4 Bxe4 16. Ndxe4 Nxc3 17. Nxc3 Rac8) 15. b4 ({Better is} 15. Ndxe4 $1 $14 {[%mdl 512]} Nxe4 (15... Bxe4 16. Nxe4) 16. Qxd3 Nxg3 17. e4 Nxf1 18. exf5 Nxh2 19. Qg3) 15... Bb6 {White must now prevent ...Rac8.} 16. Nc4 Rac8 17. Nxb6 axb6 18. Qb3 Qe5 {[%mdl 64] [#] Double Attack} 19. Bd2 Nxd5 20. Ne2 Nf6 (20... Be6 $17 21. Qb1 f5) 21. Bc3 $11 Qd5 22. Qa2 Qc6 23. Bxf6 Qxf6 24. Nd4 h5 25. f3 Rxd4 26. fxe4 Rdc4 {And now ...Nc1 would win.} 27. exf5 $2 (27. Rxf5 $15 Qc3 28. Rd1 (28. Rxh5 $2 Nc1 $19)) 27... Nc1 $36 {[%mdl 2048] Black is really pushing.} 28. Qb1 $2 (28. Qxc4 Rxc4 29. Rfxc1) 28... Qe5 $19 29. f6 Qxe3+ 30. Kh1 Rc2 31. fxg7 h4 (31... Qd2 $142 32. Rg1 Kxg7) 32. gxh4 Qe2 (32... Qd2 $142 33. Rg1 Nd3) 33. Rg1 Nd3 {[%cal Rd3f2]} 34. h3 Nf2+ 35. Kh2 Qe5# {Accuracy: White = 22%, Black = 57%.} 0-1

[Event "German Cup 2019"]
[Site "Magdeburg"]
[Date "2019.05.31"]
[Round "3.1"]
[White "Kollenberg, Cedric"]
[Black "Mueller, Kai-Markus"]
[Result "1-0"]
[WhiteElo "2008"]
[BlackElo "2179"]
[Annotator "TA"]
[PlyCount "77"]
[EventDate "2019.05.30"]
[EventType "k.o."]
[EventCountry "GER"]
[SourceTitle "playchess.com"]
[Source "ChessBase"]
[SourceQuality "1"]

{[%evp 16,77,32,33,38,37,52,52,46,39,46,40,34,15,62,67,72,66,63,70,72,64,61,55,109,101,120,125,135,61,103,51,130,137,116,142,125,123,137,137,157,156,155,148,204,179,165,151,262,193,282,268,313,75,70,66,192,183,497,381,701,679,759,537]} 1. d4 g6 2. c4 Nf6 3. Nc3 Bg7 4. Nf3 O-O 5. g3 d6 6. Bg2 Nc6 7. O-O a6 8. b3 Rb8 9. d5 Na5 {E63: King's Indian: Fianchetto: Panno Variation with 7...a6} 10. Bg5 c5 11. dxc6 $1 Nxc6 {White is slightly better.} 12. Rc1 h6 13. Bd2 Be6 14. e4 Bg4 15. h3 Bxf3 {[#]} 16. Bxf3 $146 ({Predecessor:} 16. Qxf3 Nd7 17. Rfd1 {1-0 (44) Erdos,V (2610)-Budai,D (2308) Budapest 2019}) 16... Qd7 17. Bg2 b5 18. cxb5 axb5 19. Be3 Rfc8 (19... e5 $14) 20. Qe2 $16 b4 {[#]} 21. Na4 $1 Qe8 22. Rc2 ({White should play} 22. Nb6 $16 Rc7 23. Qd2) 22... Nd7 23. Qd2 (23. Rd1 $16) 23... e5 (23... Nc5 $14) 24. Rfc1 (24. Bxh6 $6 Bxh6 25. Qxh6 Nd4 $14) 24... Nc5 25. Nxc5 dxc5 26. Rxc5 Rd8 27. Rd5 {[#] Hoping for Rxc6!} (27. Rxc6 $6 Rxd2 28. Bxd2 Kh7 $14) 27... Nd4 28. Rc4 Rxd5 29. exd5 Qf8 (29... h5 $16 30. Rxb4 (30. Bxd4 exd4 31. Rxb4 Rxb4 $16) 30... Rxb4) 30. f4 ({Resist} 30. Bxd4 $6 exd4 31. Bf3 h5 $16) 30... Nf5 31. Bc5 Qd8 (31... Nd6 $16 {was worth a try.} 32. Qf2 (32. Rxb4 Rc8 $18) 32... exf4) 32. g4 Nh4 (32... Nd6 $142) 33. d6 $18 exf4 34. Qxf4 $2 (34. Rxf4 Nxg2 35. Kxg2 Qg5 $18) (34. Bc6 $18 {and White stays clearly on top.}) 34... Nxg2 $16 35. Kxg2 {Black must now prevent Re4.} Ra8 (35... Qa5 $1 $14) 36. Rc2 $36 {[%mdl 2048] Keeping Black busy.} Qe8 $2 (36... Rc8 {is more resistant.} 37. Qc4 (37. Qxb4 Qe8 $16) 37... Qg5) 37. Bxb4 g5 $2 (37... Rc8 38. Rc7 Rd8) 38. Qf3 Rb8 39. Bc5 {Accuracy: White = 63%, Black = 34%.} 1-0

[Event "German Cup 2019"]
[Site "Magdeburg"]
[Date "2019.05.31"]
[Round "4.1"]
[White "Poetsch, Hagen"]
[Black "Kuberczyk, Christoph"]
[Result "1-0"]
[WhiteElo "2515"]
[BlackElo "2271"]
[Annotator "TA"]
[PlyCount "71"]
[EventDate "2019.05.30"]
[EventType "k.o."]
[EventCountry "GER"]
[SourceTitle "playchess.com"]
[Source "ChessBase"]
[SourceQuality "1"]

{[%evp 25,71,43,36,36,54,52,56,65,59,44,71,-2,42,39,92,84,68,22,90,90,90,90,90,90,90,96,104,-114,271,277,859,854,1022,988,1284,314,313,306,360,338,493,493,462,462,6075,5410,29997,275]} 1. e4 c5 2. Nf3 d6 3. d4 cxd4 4. Nxd4 Nf6 5. Nc3 g6 6. Be3 Bg7 7. f3 O-O 8. Qd2 Nc6 9. O-O-O d5 10. Qe1 e5 11. Nxc6 bxc6 12. exd5 Nxd5 13. Bc4 Be6 14. Kb1 {B76: Sicilian Dragon: Yugoslav Attack, 9 g4 and 9 0-0-0} Rb8 15. Ne4 Qc7 16. Bc5 {White is slightly better.} Rfd8 17. Bb3 (17. g4 h6 18. Bb3 a5 19. Rg1 Rd7 20. h4 Rbd8 21. a4 Nf4 22. Rxd7 Rxd7 23. Bxe6 Nxe6 {½-½ (32) Anand,V (2776)-Nakamura,H (2787) Moscow 2018}) 17... a5 18. a4 ({White should try} 18. g4 $16) 18... h6 (18... Rxb3 $5 19. cxb3 f5 $11) 19. g4 f5 $146 (19... Nf4 $14) ({Predecessor:} 19... Rd7 20. Ba3 Rbd8 21. Rc1 Nf4 22. Bxe6 Nxe6 {½-½ (38) Langer,M (2245)-Bodek,M (2408) Calgary 2016}) 20. gxf5 $1 $16 gxf5 21. Ng3 e4 (21... Bf6 $11) 22. Bd4 $1 (22. fxe4 Nc3+ 23. bxc3 Bxb3 $11) 22... Bxd4 23. Rxd4 Qe5 24. fxe4 Rxb3 25. exd5 Re3 26. Qd2 $2 {[#]} (26. Qxa5 Rxd5 27. Rxd5 (27. Qa8+ Kf7 $17) 27... Bxd5 $17) (26. Qg1 $16 {is necessary to keep the advantage.} Kh7 27. dxe6 Rxd4 28. Nxf5 $1 {[%mdl 576] Double Attack}) 26... Bxd5 $2 {[%mdl 8192] [#]} (26... f4 $1 $17 {[%cal Rf4g3] and life is bright.} 27. Ne4 Bxd5 28. Rxd5 cxd5 29. Qxa5 Re8 30. Rg1+ Kh7 31. Qa7+ Re7) 27. Nxf5 $1 $18 {[%mdl 512]} Rh3 $2 {[#]} (27... Re2 28. Rg1+ (28. Qxh6 Re1+ 29. Rd1 Rxd1+ 30. Rxd1 Qxf5 $11) 28... Kf7) (27... Qxf5 28. Qxe3) 28. Rxd5 $1 {[%mdl 576] Remove Defender, Decoy} Rxd5 (28... cxd5 29. Qg2+) 29. Qg2+ {[%mdl 64] Double Attack} Kh7 30. Qxh3 $2 (30. Rg1 {[%csl Gg1][%cal Rg2g8]} Rg3 31. Nxg3) 30... Qxf5 {[%mdl 4096] Endgame KQR-KQR} 31. Qb3 Rd2 32. Re1 ({Not} 32. Rg1 Qd5 $18) 32... Qd5 (32... Qd7 $142 33. Qf3 Rd5) 33. Re7+ Kg6 34. Re6+ ({Weaker is} 34. Qg3+ Qg5 $18) 34... Kg7 (34... Kf7 $142 35. Rxh6 Rd1+ 36. Ka2 Rd4) 35. Qb7+ {[%mdl 64] Double Attack} Kf8 36. Qe7+ {Accuracy: White = 64%, Black = 21%.} 1-0

[Event "German Cup 2019"]
[Site "Magdeburg"]
[Date "2019.05.31"]
[Round "4.1"]
[White "Kopylov, Michael"]
[Black "Kollenberg, Cedric"]
[Result "1-0"]
[WhiteElo "2413"]
[BlackElo "2008"]
[Annotator "ChessBase"]
[PlyCount "99"]
[EventDate "2019.05.30"]
[EventType "k.o."]
[EventCountry "GER"]
[SourceTitle "playchess.com"]
[Source "ChessBase"]
[SourceQuality "1"]
[TimeControl "40/5400+30:900+30"]

1. d4 {[%emt 0:00:00]} d5 {[%emt 0:00:00]} 2. c4 {[%emt 0:00:00]} c6 {[%emt 0:00:00]} 3. Nf3 {[%emt 0:00:41]} Nf6 {[%emt 0:00:00]} 4. Qc2 {[%emt 0:00:15]} g6 {[%emt 0:00:00]} 5. Bf4 {[%emt 0:00:22]} Bg7 {[%emt 0:00:02]} 6. e3 {[%emt 0:00:12]} O-O {[%emt 0:00:08]} 7. Nc3 {[%emt 0:00:08]} c5 {[%emt 0:00:07]} 8. dxc5 {[%emt 0:06:57]} Qa5 {[%emt 0:00:18]} 9. Nd2 {[%emt 0:05:18]} dxc4 {[%emt 0:00:19]} 10. Bxc4 {[%emt 0:01:43]} Qxc5 {[%emt 0:01:07]} 11. Nb5 {[%emt 0:03:33]} Nbd7 {[%emt 0:08:36]} 12. Nc7 {[%emt 0:11:19]} e5 {[%emt 0:02:17]} 13. Bg5 {[%emt 0:00:19]} Rb8 {[%emt 0:06:41]} 14. Bxf6 {[%emt 0:00:46]} Bxf6 {[%emt 0:00:07]} 15. Nd5 {[%emt 0:00:30]} Qa5 {[%emt 0:09:06]} 16. O-O {[%emt 0:02:44]} b5 {[%emt 0:06:25]} 17. Bb3 {[%emt 0:01:59]} Bb7 {[%emt 0:01:34]} 18. Ne4 {[%emt 0:00:46]} Bxd5 {[%emt 0:03:18]} 19. Bxd5 {[%emt 0:00:06]} Be7 {[%emt 0:03:05]} 20. Rac1 {[%emt 0:11:17]} Nb6 {[%emt 0:10:17]} 21. Qc7 {[%emt 0:09:21]} Rbe8 {[%emt 0:21:07]} 22. Qxe5 {[%emt 0:07:29]} Nxd5 {[%emt 0:05:07]} 23. Qxd5 {[%emt 0:00:05]} Qb4 {[%emt 0:00:45]} 24. Nc3 {[%emt 0:15:11]} a6 {[%emt 0:01:48]} 25. Rc2 {[%emt 0:01:28]} Bf6 {[%emt 0:03:05]} 26. a3 {[%emt 0:00:55]} Qa5 {[%emt 0:02:08]} 27. Rfc1 {[%emt 0:04:27]} Rd8 {[%emt 0:02:02]} 28. Qc6 {[%emt 0:01:07]} Bxc3 {[%emt 0:07:44]} 29. Qxc3 {[%emt 0:02:18]} Qxc3 {[%emt 0:00:06]} 30. Rxc3 {[%emt 0:00:04]} Rd2 {[%emt 0:00:13]} 31. R3c2 {[%emt 0:14:10]} Rfd8 {[%emt 0:01:06]} 32. Kf1 {[%emt 0:00:00]} Rxc2 {[%emt 0:02:38]} 33. Rxc2 {[%emt 0:00:00]} Rd6 {[%emt 0:01:26]} 34. Ke2 {[%emt 0:00:00]} Kg7 {[%emt 0:00:37]} 35. e4 {[%emt 0:00:00]} Kf6 {[%emt 0:00:36]} 36. f4 {[%emt 0:00:00]} Ke6 {[%emt 0:01:29]} 37. Ke3 {[%emt 0:00:00]} h5 {[%emt 0:01:22]} 38. e5 {[%emt 0:00:00]} Rb6 {[%emt 0:00:03]} 39. b4 {[%emt 0:00:00]} a5 {[%emt 0:01:22]} 40. Rc5 {[%emt 0:00:00]} axb4 {[%emt 0:00:05]} 41. axb4 {[%emt 0:13:16]} Kf5 {[%emt 0:02:45]} 42. Rc7 {[%emt 0:00:00]} Ke6 {[%emt 0:00:49]} 43. Ke4 {[%emt 0:00:00]} Ra6 {[%emt 0:03:26]} 44. Rb7 {[%emt 0:00:00]} Rc6 {[%emt 0:00:08]} 45. Rxb5 {[%emt 0:00:00]} Rc4+ {[%emt 0:00:06]} 46. Ke3 {[%emt 0:00:00]} Kf5 {[%emt 0:01:35]} 47. Rb7 {[%emt 0:00:00]} Ke6 {[%emt 0:08:53]} 48. Rb6+ {[%emt 0:00:00]} Ke7 {[%emt 0:00:22]} 49. b5 {[%emt 0:00:00]} Rb4 {[%emt 0:00:44]} 50. Rb8 {[%emt 0:00:00]} 1-0

[Event "German Cup 2019"]
[Site "Magdeburg"]
[Date "2019.05.31"]
[Round "4.1"]
[White "Colpe, Malte"]
[Black "Langrock, Hannes"]
[Result "1-0"]
[WhiteElo "2381"]
[BlackElo "2367"]
[Annotator "ChessBase"]
[PlyCount "89"]
[EventDate "2019.05.30"]
[EventType "k.o."]
[EventCountry "GER"]
[SourceTitle "playchess.com"]
[Source "ChessBase"]
[SourceQuality "1"]
[TimeControl "40/5400+30:900+30"]

1. d4 {[%emt 0:00:00]} f5 {[%emt 0:00:03]} 2. Nf3 {[%emt 0:00:00]} Nf6 {[%emt 0:00:09]} 3. g3 {[%emt 0:00:00]} g6 {[%emt 0:00:10]} 4. Bg2 {[%emt 0:00:02]} Bg7 {[%emt 0:00:06]} 5. O-O {[%emt 0:00:09]} O-O {[%emt 0:00:10]} 6. b3 {[%emt 0:00:49]} d6 {[%emt 0:03:18]} 7. Bb2 {[%emt 0:00:07]} Ne4 {[%emt 0:05:55]} 8. Nbd2 {[%emt 0:03:00]} Nc6 {[%emt 0:10:43]} 9. e3 {[%emt 0:05:54]} Nxd2 {[%emt 0:01:53]} 10. Qxd2 {[%emt 0:01:38]} e5 {[%emt 0:00:13]} 11. c4 {[%emt 0:09:43]} e4 {[%emt 0:02:29]} 12. Ne1 {[%emt 0:00:10]} a5 {[%emt 0:09:43]} 13. f3 {[%emt 0:07:35]} exf3 {[%emt 0:05:39]} 14. Bxf3 {[%emt 0:00:11]} g5 {[%emt 0:11:35]} 15. Nd3 {[%emt 0:06:52]} Qe7 {[%emt 0:03:14]} 16. Rae1 {[%emt 0:01:00]} Bd7 {[%emt 0:02:04]} 17. Bc3 {[%emt 0:02:52]} Kh8 {[%emt 0:11:31]} 18. Kh1 {[%emt 0:03:21]} Qf6 {[%emt 0:07:32]} 19. Bg2 {[%emt 0:03:21]} Qh6 {[%emt 0:03:21]} 20. Kg1 {[%emt 0:04:52]} Qf6 {[%emt 0:10:19]} 21. e4 {[%emt 0:05:55]} Qg6 {[%emt 0:07:38]} 22. e5 {[%emt 0:02:14]} Rae8 {[%emt 0:01:51]} 23. e6 {[%emt 0:05:14]} Rxe6 {[%emt 0:01:12]} 24. Rxe6 {[%emt 0:00:19]} Bxe6 {[%emt 0:00:32]} 25. d5 {[%emt 0:00:23]} Bd7 {[%emt 0:00:02]} 26. dxc6 {[%emt 0:00:28]} Bxc6 {[%emt 0:00:05]} 27. Bxc6 {[%emt 0:01:21]} bxc6 {[%emt 0:00:02]} 28. Bxg7+ {[%emt 0:04:19]} Qxg7 {[%emt 0:00:27]} 29. Qb2 {[%emt 0:00:32]} Rf6 {[%emt 0:00:03]} 30. Re1 {[%emt 0:00:40]} h6 {[%emt 0:00:12]} 31. Qd4 {[%emt 0:01:36]} Kh7 {[%emt 0:00:20]} 32. Kg2 {[%emt 0:00:50]} c5 {[%emt 0:00:31]} 33. Qe3 {[%emt 0:01:05]} Rf7 {[%emt 0:00:21]} 34. Nf2 {[%emt 0:00:11]} Qb2 {[%emt 0:00:55]} 35. Qe8 {[%emt 0:01:39]} Qf6 {[%emt 0:00:52]} 36. Qe6 {[%emt 0:03:18]} Qg7 {[%emt 0:00:09]} 37. Qd5 {[%emt 0:01:07]} Qf6 {[%emt 0:00:27]} 38. Re6 {[%emt 0:00:34]} Qg7 {[%emt 0:00:11]} 39. g4 {[%emt 0:02:42]} Qf8 {[%emt 0:02:02]} 40. gxf5 {[%emt 0:01:47]} Rxf5 {[%emt 0:00:13]} 41. Qe4 {[%emt 0:15:19]} Kg7 {[%emt 0:15:58]} 42. Ng4 {[%emt 0:06:23]} h5 {[%emt 0:00:00]} 43. Ne3 {[%emt 0:00:00]} Rf6 {[%emt 0:00:00]} 44. Re7+ {[%emt 0:00:00]} Rf7 {[%emt 0:00:00]} 45. Nf5+ {[%emt 0:00:00]} 1-0